Kann Prävention wirken?: Forschung zur systematischen Prävention sexualisierter Gewalt an Kindern, Jugendlichen sowie schutz- oder hilfebedürftigen Erwachsenen in der katholischen Kirche in Nordrhein-Westfalen (PräNRW)

Gespeichert in:  
Bibliographische Detailangaben
VerfasserInnen: Bücken, Milena 1985- (Verfasst von) ; Gollers, Sophia (Verfasst von) ; Grafe, Bianca (Verfasst von) ; Meysen, Thomas 1967- (Verfasst von) ; Schrapper, Christian 1952- (Verfasst von)
Körperschaft: Juventa Verlag. Verlag
Medienart: Druck Buch
Sprache:Deutsch
Veröffentlicht: Weinheim Beltz Juventa 2026
In:Jahr: 2026
Ausgabe:1. Auflage
Online-Zugang: Inhaltstext (Verlag)
Inhaltsverzeichnis
Verfügbarkeit prüfen: HBZ Gateway
Buchbeschaffung:Buchbestellung aufgeben
Subito Bestelldienst: Jetzt bestellen.
Schlagwörter:
Parallele Ausgabe:Erscheint auch als: 9783779993254

MARC

LEADER 00000cam a2200000 c 4500
001 1940365279
003 DE-627
005 20260427111347.0
007 tu
008 251105s2026 gw ||||| 00| ||ger c
015 |a 25,N45  |2 dnb 
016 7 |a 1379971454  |2 DE-101 
020 |a 9783779993247  |q Broschur : : circa EUR 48.00 (DE), circa EUR 49.40 (AT)  |9 978-3-7799-9324-7 
024 3 |a 9783779993247 
028 5 2 |a 449324 
035 |a (DE-627)1940365279 
035 |a (DE-599)DNB1379971454 
035 |a (OCoLC)1568763952 
040 |a DE-627  |b ger  |c DE-627  |e rda 
041 |a ger 
044 |c XA-DE-BW 
082 0 4 |a 360  |q DE-101 
100 1 |a Bücken, Milena  |d 1985-  |e VerfasserIn  |0 (DE-588)1131665856  |0 (DE-627)88630993X  |0 (DE-576)488370795  |4 aut 
109 |a Bücken, Milena 1985- 
245 1 0 |a Kann Prävention wirken?  |b Forschung zur systematischen Prävention sexualisierter Gewalt an Kindern, Jugendlichen sowie schutz- oder hilfebedürftigen Erwachsenen in der katholischen Kirche in Nordrhein-Westfalen (PräNRW)  |c Milena Bücken, Sophia Gollers, Bianca Grafe, Thomas Meysen, Christian Schrapper 
250 |a 1. Auflage 
264 1 |a Weinheim  |b Beltz Juventa  |c 2026 
300 |a 225 Seiten  |b Illustrationen, Diagramme  |c 23 cm 
336 |a Text  |b txt  |2 rdacontent 
337 |a ohne Hilfsmittel zu benutzen  |b n  |2 rdamedia 
338 |a Band  |b nc  |2 rdacarrier 
500 |a Literaturverzeichnis: Seite 215-225 
583 1 |a Archivierung/Langzeitarchivierung gewährleistet  |f PEBW  |x XA-DE-BW  |2 pdager  |5 DE-31 
689 0 0 |d s  |0 (DE-588)1253967660  |0 (DE-627)1796400084  |a Sexualisierte Gewalt  |2 gnd 
689 0 1 |d s  |0 (DE-588)4076308-0  |0 (DE-627)104364106  |0 (DE-576)209201428  |a Prävention  |2 gnd 
689 0 2 |d s  |0 (DE-588)4030702-5  |0 (DE-627)104731745  |0 (DE-576)208988742  |a Kirche  |2 gnd 
689 0 |5 (DE-627) 
700 1 |a Gollers, Sophia  |e VerfasserIn  |0 (DE-588)1354144066  |0 (DE-627)191547034X  |4 aut 
700 1 |a Grafe, Bianca  |e VerfasserIn  |0 (DE-588)1166562778  |0 (DE-627)1030480311  |0 (DE-576)510791662  |4 aut 
700 1 |a Meysen, Thomas  |d 1967-  |e VerfasserIn  |0 (DE-588)137232802  |0 (DE-627)591028417  |0 (DE-576)17860173X  |4 aut 
700 1 |a Schrapper, Christian  |d 1952-  |e VerfasserIn  |0 (DE-588)121121860  |0 (DE-627)08110121X  |0 (DE-576)164577327  |4 aut 
710 2 |a Juventa Verlag  |e Verlag  |0 (DE-588)1065433034  |0 (DE-627)816130973  |0 (DE-576)425147118  |4 pbl 
776 1 |z 9783779993254  |c E-Book (PDF) 
776 0 8 |i Erscheint auch als  |n Online-Ausgabe  |z 9783779993254 
856 4 2 |u https://deposit.dnb.de/cgi-bin/dokserv?id=b0bfefc4b5944877b72f8c72be15fdcb  |m X:MVB  |q text/html  |x Verlag  |3 Inhaltstext  |7 1 
856 4 2 |u https://swbplus.bsz-bw.de/bsz1940365279inh.htm  |m V:DE-576  |m B:DE-Frei85  |v 20260108200205  |3 Inhaltsverzeichnis  |7 1 
935 |a mkri 
951 |a BO 
ELC |b 1 
LOK |0 000 xxxxxcx a22 zn 4500 
LOK |0 001 4826029608 
LOK |0 003 DE-627 
LOK |0 004 1940365279 
LOK |0 005 20251216111410 
LOK |0 008 251210||||||||||||||||ger||||||| 
LOK |0 040   |a DE-Frei85  |c DE-627  |d DE-Frei85 
LOK |0 852   |a DE-Frei85 
LOK |0 852 1  |m p  |9 00 
LOK |0 938   |k p 
LOK |0 939   |a 2025-12-10  |b l01 
ORI |a WA-MARC-krimdoka001.raw 
PDA |a yes